000 00306nam a22001337a 4500
008 171123b xxu||||| |||| 00| 0 eng d
020 _a0442293917
041 _aeng
080 _a004
100 _a37
101 _aMAT
245 _aINFORMATION TECHNOLOGY AN INTRODUCTION
_cPETER.Z
942 _2udc
_cBK
999 _c38339
_d38339